000 00847cam a2200301 4500500
005 20260405003555.0
041 _afre
042 _adc
100 1 0 _aSorente, Isabelle
_eauthor
245 0 0 _aLa sobriété. Pourquoi est-il si difficile de se modérer ?
260 _c2022.
500 _a8
690 _aAbondance
690 _aAgnès Sinaï
690 _aConsommation
690 _aDécroissance
690 _aDémesure
690 _aHubris
690 _aLimites
690 _aModération
690 _aOlivier Rey
690 _aPénurie
690 _aRessources
690 _aSobriété
690 _aYannick Haenel
786 0 _nPhilosophie magazine | 163 | 10 | 2022-10-01 | p. 24-25 | 1951-1787
856 4 1 _uhttps://shs.cairn.info/magazine-philosophie-magazine-2022-10-page-24?lang=fr&redirect-ssocas=7080
999 _c2068884
_d2068884